[Event "Hastings Masters op"]
[Site "Hastings"]
[Date "2024.01.02"]
[Round "6"]
[White "Kim, Sumin"]
[Black "Wilson, Matthew R"]
[Result "0-1"]
[WhiteElo "1358"]
[BlackElo "1771"]
[PlyCount "102"]
[EventDate "2023.12.28"]
[EventType "swiss"]
[EventRounds "9"]
[EventCountry "ENG"]
[SourceTitle "CB02_2024"]
[SourceDate "2024.01.10"]
[SourceVersion "1"]
[SourceVersionDate "2024.01.10"]
[SourceQuality "1"]

1. d4 d5 2. c4 e6 3. Nc3 Nf6 4. cxd5 exd5 5. Bg5 c6 6. e3 Be7 7. Bd3 h6 8. Bh4 Nbd7 9. Qc2 Nh5 10. Bxe7 Qxe7 11. Nf3 Nf4 12. 0-0 Nxd3 13. Qxd3 Nf6 14. Ne5 0-0 15. Rab1 a5 16. Qc2 Bd7 17. a3 Qd6 18. b4 axb4 19. axb4 Ng4 20. Nxg4 Bxg4 21. f3 Bh5 22. Qd2 Rfd8 23. Rfc1 Bg6 24. Rb3 Ra7 25. b5 Rda8 26. e4 dxe4 27. fxe4 Ra3 28. e5 Qd8 29. Rxa3 Rxa3 30. bxc6 bxc6 31. Qf4 Qa5 32. Ne4 Bxe4 33. Qxe4 Qd2 34. Re1 Ra2 35. Rb1 Rb2 36. Ra1 Ra2 37. Rxa2 Qxa2 38. Kf1 Qc4+ 39. Kf2 c5 40. Qa8+ Kh7 41. Qe4+ g6 42. Ke3 Qc3+ 43. Qd3 cxd4+ 44. Ke4 Qc6+ 45. Kxd4 Qxg2 46. h3 Qf2+ 47. Kd5 Qf5 48. Qe3 g5 49. Qe4 Qxe4+ 50. Kxe4 Kg6 51. Kf3 Kf5 0-1